Every EToH Tower - Statistics

General Stats
  • This quiz has been taken 1,118 times
    259 since last reset
  • The average score is 100 of 421
Answer Stats
Realm Difficulty Answer % Correct
Purgatorio Easy Tower of Genesis
82%
Purgatorio Easy Tower of Buttons
78%
Ring 1 Easy Tower of Anger
72%
Ring 1 Hard Tower of Hecc
71%
Purgatorio Hard Citadel of Victory
69%
Ring 1 Easy Tower of A Simple Time
68%
Ring 1 Medium Tower of Madness
68%
Ring 1 Remorseless Tower of True Skill
68%
Ring 1 Hard Tower of Killjoys
65%
Ring 1 Intense Citadel of Laptop Splitting
64%
Purgatorio Hard Tower of Dancing All Night
64%
Ring 1 Difficult Tower of Stress
64%
Ring 1 Difficult Tower of Keyboard Yeeting
63%
Ring 1 Easy Not Even A Tower
62%
Ring 1 Intense Tower of Impossible Expectations
62%
Ring 1 Insane Tower of Infinity Gauntlet
62%
Ring 1 Challenging Tower of Rage
62%
Ring 2 Insane Tower of Difficulty Chart
58%
Purgatorio Easy Tower of Motion Evolution
58%
Ring 1 Challenging Tower of Screen Punching
58%
Purgatorio Hard Tower of Keys To Success
55%
Purgatorio Easy Tower of Critical Damage
53%
Purgatorio Medium Tower of No Strings Attached
53%
Ring 1 Medium Tower of Noticeable Infuriation
52%
Purgatorio Hard Tower Not Found
51%
Ring 3 Insane Tower of Confusion
51%
Ring 2 Hard Tower of Big Hole
50%
Purgatorio Medium Tower of Boost Mayhem
50%
Ring 2 Remorseless Citadel of Wacky Strategy
48%
Forgotten Ridge Intense Citadel of Weird Nostalgia
48%
Ring 2 Medium Tower of Phone Snapping
48%
Ring 2 Challenging Tower of Traps
48%
Ring 9 Catastrophic Tower of Cruel Punishment
47%
Ring 4 Terrifying Tower of Inception
47%
Zone 1 Insane Tower of Thinning Layers
47%
Ring 2 Challenging Tower of Deep Darkness
46%
Ring 2 Easy Maybe A Tower
45%
Forgotten Ridge Medium Steeple of Pursuit
45%
Ring 2 Challenging Tower of Falling and Failing
45%
Purgatorio Medium Tower of Various Pressures
45%
Purgatorio Medium Tower of Kinetic Potential
44%
Zone 1 Hard Tower of Peace
44%
Forgotten Ridge Hard Steeple of Uninstalling Roblox
43%
Ring 2 Remorseless Tower of Eternal Suffering
43%
Ring 3 Hard Tower of Fatness
43%
Forgotten Ridge Easy Tower of Jolly Good Fun
43%
Forgotten Ridge Insane Tower of Mind Breaking
43%
Zone 1 Remorseless Citadel of Peril
42%
Ring 9 Catastrophic Tower of Champion's Road
42%
Ring 2 Difficult Tower of Cold Hands
42%
Zone 2 Insane Tower of Double Trouble
42%
Forgotten Ridge Difficult Tower of Immense Ire
42%
Ring 2 Hard Tower of Overcoming Hatred
42%
Ring 2 Intense Tower of Table Flipping
42%
Ring 3 Challenging Tower of Despair
41%
Forgotten Ridge Easy Steeple of Meaningless Decisions
40%
Forgotten Ridge Remorseless Steeple of Towering Pillars
40%
Forgotten Ridge Challenging Tower of Triangular Covering
40%
Forgotten Ridge Intense Steeple of Huge Pain
39%
Forgotten Ridge Difficult Steeple of Wall Punching
39%
Zone 3 Extreme Tower of Hopeless Hell
39%
Forgotten Ridge Difficult Tower of Versatility
39%
Ring 3 Hard Tower of Winning Every Run
39%
Ring 3 Intense Citadel of Heights and Depths
38%
Forgotten Ridge Medium Steeple of Low Woe
38%
Ring 9 Catastrophic Tower of Augmented Misery
38%
Ring 4 Intense Tower of Oblivion
38%
Garden of Eeshöl Easy Steeple of Beginner's Journey
37%
Forgotten Ridge Challenging Steeple of Climbing
37%
Steelspire Horizon Insane Tower of Speeding Right Through
37%
Ring 7 Catastrophic Tower of Elongated Runs
36%
Ring 8 Catastrophic Tower of Generation Failure
36%
Ring 6 Terrifying Tower of Impossible Movement
36%
Ring 2 Challenging Tower of Shattered Dreams
36%
Zone 1 Remorseless Tower of Zespluz
36%
Garden of Eeshöl Medium Steeple of Overgrowth
35%
Ring 3 Medium Tower of Inverted Colours
35%
Zone 1 Easy Tower of Peaceful Happiness and Tranquility
35%
Ring 9 Insane Tower of Bent Trauma
34%
Forgotten Ridge Intense Tower of Dangerous Expeditions
34%
Ring 5 Terrifying Tower of Frightening Nightmares
34%
Ring 3 Easy Tower of Funny Thoughts
34%
Zone 1 Easy Tower of Zero Disturbances
34%
Steelspire Horizon Easy Steeple of Golf Course
33%
Ring 3 Medium Tower of Ancient Trickery
33%
Zone 8 Catastrophic Tower of Descent Into Exile
33%
Forgotten Ridge Intense Tower of Increasing Stress
33%
Ring 3 Difficult Tower of Lotsa Damage
33%
Zone 1 Hard Tower of Mirrored Hecc
33%
Garden of Eeshöl Intense Tower of Perilous Antipode
33%
Zone 10 Catastrophic Tower of Raging Tempest
33%
Ring 4 Easy Tower of Spiralling Heights
33%
Ring 4 Hard Tower of Terrible Mondays
33%
Ring 5 Intense Tower of Tokyo Heights
33%
Ring 4 Insane Tower of Vivid Sections
33%
Ring 3 Difficult Tower of Wall Hugging
33%
Ring 3 Intense Totally A Tower
32%
Ring 9 Extreme Tower of Bloodthirsty Kenos
32%
Ring 4 Hard Tower of Elysium
32%
Ring 4 Medium Tower of Getting Gnomed
32%
Ring 5 Insane Tower of Icy Blizzards
32%
Garden of Eeshöl Medium Steeple of Nightfall
31%
Steelspire Horizon Easy Steeple of Zip Zap Pop!
31%
Zone 5 Terrifying Tower of Alien Radiance
31%
Ring 4 Remorseless Tower of Corrupted Nightmares
31%
Ring 9 Insane Tower of Curved Ascent
31%
Zone 9 Catastrophic Tower of Empty Meaningless Patterns
31%
Ring 4 Intense Tower of Holy Flip
31%
Ring 9 Terrifying Tower of Journey's End
31%
Zone 6 Terrifying Tower of Micro Management
31%
Garden of Eeshöl Easy Steeple of Devil's Snare
30%
Ring 3 Medium Tower of Deep Sighing
30%
Ring 4 Difficult Tower of Linonophobia
30%
Zone 1 Remorseless Tower of Really Nasty Ideas
30%
Ring 3 Difficult Tower of Slight Inconvenience
30%
Lost River Insane Tower of Unsettling Heights
30%
Ring 4 Intense Citadel of Uneasiness
29%
Zone 1 Medium Tower of Atlantic Depths
29%
Zone 2 Intense Citadel of Green Stuff
28%
Ring 6 Remorseless Citadel of Scythe Recognition
28%
Garden of Eeshöl Challenging Not Even A Flower
28%
Garden of Eeshöl Intense Steeple of Buoyant Automations
28%
Zone 8 Extreme Tower of Astral Eclipse
28%
Ring 4 Challenging Tower of Dust and Decay
28%
Ring 7 Insane Tower of Extreme Hell
28%
Ring 6 Hard Tower of Friendly Jumps
28%
Zone 4 Insane Tower of Inevitable Failure
28%
Ring 4 Difficult Tower of Leaning Ledges
28%
Ring 9 Terrifying Tower of Nervous Sweating
28%
Ring 6 Remorseless Tower of Niflheim
28%
Ring 8 Extreme Tower of Suffering Outside
28%
Ashen Towerworks Extreme Tower of Wicked Fortress
28%
Zone 9 Terrifying Tower of Wildly Wacky Wonders
28%
Ring 4 Challenging Will Be A Tower
28%
Steelspire Horizon Intense Citadel of Treachery
27%
Zone 1 Challenging Tower of Absolute Vexation
27%
Zone 1 Remorseless Tower of Extreme Dystopia
27%
Arcane Area Remorseless Tower of Icy Adventures
27%
Zone 7 Medium Tower of Jazz
27%
Ring 5 Medium Tower of Nice Views
27%
Ring 4 Remorseless Tower of Nonsensical Platforms
27%
Ring 5 Remorseless Citadel of Contrasting Regions
26%
Ring 9 Remorseless Citadel of Lethargy
26%
Zone 4 Extreme Tower of Astronomically Aimless Annoyances
26%
Ring 9 Remorseless Tower of Beat Block Berserk
26%
Zone 7 Terrifying Tower of Fractured Memories
26%
Steelspire Horizon Remorseless Tower of Geometric Kinetics
26%
Ring 5 Remorseless Tower of Glitching and Healing
26%
Zone 1 Hard Tower of Hands Sweating
26%
Ring 9 Insane Tower of High Adrenaline
26%
Ring 6 Extreme Tower of Strategic Mechanics
26%
Zone 10 Insane Tower of Tee Hee Time
26%
Ring 7 Extreme Tower of Terrifying Beauty
26%
Silent Abyss Challenging Tower of There Is No Tower
26%
Zone 1 Intense Tower of Ultimately Terrifying
26%
Forgotten Ridge Hard This Is Probably A Tower
25%
Zone 6 Remorseless Tower of Astral Fusion
25%
Ring 8 Extreme Tower of Externalizing Insanity
25%
Ring 5 Intense Tower of Floral Fury
25%
Ring 9 Extreme Tower of Frightening and Confusing Trials
25%
Ashen Towerworks Medium Tower of Fruity Zeal
25%
Zone 5 Insane Tower of Polychromatic Zero
25%
Zone 10 Insane Tower of Rain on My World
25%
The Starlit Archives Intense Tower of The Umbrella, The User
25%
Zone 7 Terrifying Tower of Uncanny Agony
25%
Zone 1 Challenging Tower of Wanting Extra Levels
25%
Zone 3 Hard Tower of Xanthophobia
25%
Zone 1 Difficult Tower of Yearning Success
25%
Zone 10 Extreme Tower of Blast Power
24%
Zone 3 Medium Tower of Broken Bricks
24%
Steelspire Horizon Intense Tower of Nerves of Steel
24%
Ring 7 Remorseless Tower of Ultraviolet
24%
Zone 6 Intense Tower of Watts
24%
Garden of Eeshöl Challenging Steeple of Flourishing Wastelands
23%
Garden of Eeshöl Medium Steeple of Infectious Foliage
23%
Zone 10 Terrifying Tower of Complexity and Volatility
23%
Ring 5 Challenging Tower of Downward Mobility
23%
Zone 9 Insane Tower of Hollow Reformations
23%
Zone 9 Extreme Tower of Panelling Barricades
23%
Ring 9 Remorseless Tower of Pastel Pillars
23%
Zone 3 Easy Tower of Six Feet Under
23%
Zone 6 Extreme Tower of The Dripping Amalgam
23%
Zone 1 Difficult Tower of Contractual Obligations
22%
Ring 5 Challenging Tower of Obvious Chaos
22%
Zone 2 Medium Tower of Slanted Anticipation
22%
Zone 7 Intense Tower of Yore
22%
Garden of Eeshöl Difficult Steeple of Various Vivariums
21%
Silent Abyss Intense Steeple of Wicked Grotto
21%
Ring 8 Challenging Tower of Aamos' Anger
21%
Ring 6 Difficult Tower of Environmental Pain
21%
Lost River Medium Tower of Excessive Weirdness
21%
Ring 5 Intense Tower of Extraordinary Adventures
21%
Ring 9 Intense Tower of Great Overcomings
21%
Zone 3 Easy Tower of Overestimating Difficulty
21%
Zone 8 Insane Tower of Rough Endoplasmic Reticulum
21%
Steelspire Horizon Hard Tower of Ten Floors Challenge
21%
Zone 2 Intense Tower of Triangular Terror
21%
Lost River Remorseless Tower of Triple Jeopardy
21%
Garden of Eeshöl Hard Steeple of Greenhouse Placidity
20%
Ashen Towerworks Remorseless Tower of Rhythm Heaven
20%
Lost River Remorseless Tower of Tallying Every Mistake
20%
Zone 4 Remorseless Citadel of Quadrilaterals
19%
Zone 3 Difficult Citadel of Tricky Situations
19%
Steelspire Horizon Difficult Steeple of Bad Cable Management
19%
Garden of Eeshöl Hard Steeple of Overgrown Ascension
19%
Ring 6 Intense Tower of A Depressing Future
19%
Silent Abyss Difficult Tower of Ancestral Interference
19%
Zone 3 Intense Tower of Cruel and Unusual Punishment
19%
Zone 4 Remorseless Tower of Dance Dance Destruction
19%
Ring 6 Intense Tower of Dispersed Rooms
19%
Steelspire Horizon Intense Tower of Fixture Park
19%
Steelspire Horizon Hard Tower of Fly High
19%
Ring 6 Intense Tower of Intense Solar Chaos
19%
Ring 5 Difficult Tower of Rigid Success
19%
Lost River Hard Tower of Two Sided Troubles
19%
Steelspire Horizon Challenging Tower of Weird Energy
19%
Ring 7 Remorseless Tower of Yearning Victory
19%
Zone 7 Remorseless Citadel of A Cruel Tale
18%
Ring 8 Intense Citadel of Constant Heart Stopping
18%
Lost River Difficult Citadel of Inside Situations
18%
Ring 6 Intense Fortunately Not A Tower
18%
Paradise Atoll Easy Possibly A Tower
18%
Garden of Eeshöl Hard Steeple of Feudal Foliage
18%
Arcane Area Challenging Steeple of Witch Calamity
18%
Zone 3 Medium Tower of Client Object Frenzy
18%
Zone 3 Difficult Tower of Cogs and Steam
18%
Ring 5 Remorseless Tower of Fractured Obstacles
18%
Zone 2 Hard Tower of Ground Level Ascension
18%
Lost River Difficult Tower of Losing Our Zeal
18%
Ring 7 Remorseless Tower of Never Ending Dizziness
18%
Ring 7 Intense Tower of Never Giving Up, Ever
18%
Zone 9 Intense Tower of Nothing New
18%
Zone 10 Remorseless Tower of One Two Three Four
18%
Zone 4 Challenging Tower of Pure Chroma
18%
Ring 9 Remorseless Tower of Questionable Trials
18%
Zone 2 Challenging Tower of Slipping and Sliding
18%
Zone 5 Hard Tower of Super Stupid Security Systems
18%
Zone 2 Medium Tower of Venomous Resonance
18%
Zone 4 Difficult Tower of Wicked Wedges
18%
Zone 5 Remorseless Tower of Zany Architecture
18%
Ring 5 Difficult Likely A Tower
17%
Paradise Atoll Intense Steeple of Dusty Dunes
17%
Silent Abyss Remorseless Steeple of Malignant Blight
17%
Ashen Towerworks Remorseless Tower of Forever-Sleeping Flower
17%
Zone 2 Remorseless Tower of Great Displeasure
17%
Ring 8 Medium Tower of Somewhat Simple Scaling
17%
Steelspire Horizon Medium Tower of Steel and Thunder
17%
Zone 4 Remorseless Tower of Tornado Vehemence
17%
Zone 2 Difficult Tower of Unearthed Discoveries
17%
The Starlit Archives Difficult Tower of You're Late For Work
17%
Zone 5 Intense Citadel of Corporate Enterprise
16%
Zone 9 Remorseless Citadel of Increasing Claustrophobia
16%
Zone 8 Remorseless Citadel of Pyramid Escapades
16%
Ring 7 Remorseless Citadel of True Exasperation
16%
Zone 6 Intense Citadel of Twists and Weirdness
16%
Silent Abyss Remorseless Steeple of Midnight Acropolis
16%
Paradise Atoll Easy Steeple of Mystical Marine
16%
Silent Abyss Difficult Steeple of Resort In Stasis
16%
Steelspire Horizon Challenging Steeple of Sunken Kingdoms
16%
Steelspire Horizon Hard Tower of Calm Before The Storm
16%
Ring 7 Challenging Tower of Collective Collaboration
16%
Lost River Intense Tower of Compact Spaces
16%
Zone 3 Hard Tower of Cracked, Crushed Cubes
16%
Zone 2 Difficult Tower of Dreams and Caverns
16%
Zone 4 Remorseless Tower of Funky Grooves
16%
Zone 5 Intense Tower of Heiwana Kaze
16%
Zone 8 Hard Tower of Melons In Time
16%
Zone 8 Remorseless Tower of No Return
16%
Steelspire Horizon Medium Tower of Quantum Rhythm
16%
Zone 3 Difficult Tower of Requiring Critical Help
16%
Ring 7 Difficult Tower of Rushed Building
16%
Steelspire Horizon Medium Tower of Sunshower Lambent
16%
Zone 2 Difficult Tower of Troublesome Adventures
16%
Ring 8 Remorseless Tower of Verdant Entropy
16%
Ashen Towerworks Challenging Tower of Wanting More Time
16%
Ashen Towerworks Intense Tower of Whisking It All
16%
Lost River Intense Tower of Witchcraft and Wizardry
16%
Zone 10 Remorseless Citadel of Overcoming The World's Imperfections
15%
Steelspire Horizon Challenging Steeple of Dungeon Runner
15%
Silent Abyss Challenging Steeple of Guiding Lights
15%
Zone 4 Medium Tower of Aquatic Contemplation
15%
Zone 4 Difficult Tower of Elevator Travelling
15%
Zone 9 Remorseless Tower of Eye Candy
15%
Zone 4 Hard Tower of Fun and Simple Trials
15%
Ring 8 Remorseless Tower of Mean Tasks
15%
Zone 4 Intense Tower of Mechanically Induced Mayhem
15%
Ring 6 Difficult Tower of Radiant Realms
15%
Paradise Atoll Intense Tower of Traversing The Tropics
15%
Ring 6 Challenging Tower of Twisted Inquisition
15%
Silent Abyss Challenging Steeple of Descendance
14%
Garden of Eeshöl Hard Steeple of Lost In Quiescence
14%
Arcane Area Intense Steeple of Magical Collaborations
14%
Paradise Atoll Hard Steeple of Waterfall
14%
Zone 2 Intense Tower of Arcanium Zenturing
14%
Paradise Atoll Hard Tower of Call It A Day
14%
Ashen Towerworks Remorseless Tower of Climactic Beats
14%
Zone 3 Difficult Tower of Dimensional Hopping
14%
Zone 4 Easy Tower of Fairly Simple Challenges
14%
Ring 6 Intense Tower of Flustering Sections
14%
Zone 6 Intense Tower of Hazardous Laddering
14%
Zone 5 Intense Tower of Horrifying Experiences
14%
Ring 8 Intense Tower of Insanely Innovative Ideas
14%
Zone 6 Difficult Tower of Rock Climbing
14%
Ring 5 Hard Tower of Trivial Resentment
14%
Zone 4 Hard Tower of Up Is Down
14%
Zone 1 Challenging Somewhat A Tower
13%
Paradise Atoll Difficult Steeple of Aquatic Rallies
13%
The Starlit Archives Remorseless Steeple of Cheesy Vengeance
13%
Silent Abyss Challenging Steeple of Xenial Abyss
13%
Ashen Towerworks Difficult Tower of Corner Wedge Climbing
13%
Ring 7 Challenging Tower of Distorted Aerodynamics
13%
Zone 10 Intense Tower of Mach Nine
13%
Lost River Challenging Tower of Odd Odyssey
13%
Zone 8 Intense Tower of One Nine
13%
Zone 8 Remorseless Tower of Overbearing Vertigo
13%
Zone 2 Challenging Tower of Pleasant Fantasies
13%
Zone 4 Intense Tower of Shifting Slopes
13%
Zone 5 Challenging Tower of Stairs To Spare
13%
Silent Abyss Intense Tower of Tenebrous Depths
13%
Zone 9 Remorseless Tower of Voyaging Into The Earth
13%
Zone 7 Challenging Tower of White Space
13%
Ring 7 Difficult Far From A Surprising Tower
12%
Paradise Atoll Hard Steeple of Abyssal Upturn
12%
Arcane Area Challenging Steeple of Crystal Ascension
12%
Arcane Area Hard Steeple of Realm Odyssey
12%
Silent Abyss Difficult Steeple of Ruinous Abate
12%
Zone 9 Challenging Tower of Bonus Level
12%
Zone 6 Challenging Tower of Break It, Buy It
12%
Ring 7 Challenging Tower of Feeling Lazy
12%
Zone 9 Remorseless Tower of Minus Facility
12%
Zone 8 Intense Tower of Never Ending Fun
12%
Ring 7 Intense Tower of Orientating Oscillating Opinions
12%
Ashen Towerworks Intense Tower of Shadowy Radiance
12%
Arcane Area Medium Steeple of Biome Traversing
11%
Zone 9 Remorseless Tower of Big Blocky Beefy Buttons
11%
Zone 6 Remorseless Tower of Brief Challenges
11%
Zone 7 Difficult Tower of Bygone Relic
11%
Zone 7 Intense Tower of Cone Mesh Climbing
11%
Lost River Challenging Tower of Diverging Layers
11%
Zone 2 Intense Tower of Extraterrestrial Enchantment
11%
Zone 3 Intense Tower of Infuriating Obstacles
11%
The Starlit Archives Difficult Tower of Lethean Recollection
11%
Ashen Towerworks Remorseless Tower of Mechanical Disarray
11%
Zone 3 Challenging Tower of Menacing Creations
11%
Ring 8 Hard Tower of Needing Basic Aptitude
11%
Silent Abyss Intense Tower of Shallow Waters
11%
Ring 8 Challenging Tower of Voluminous Framework
11%
Ashen Towerworks Intense Tower of Whirl of Winds
11%
Zone 8 Difficult Tower of X Madness
11%
The Starlit Archives Remorseless Steeple of Forlorn Blizzard
10%
Paradise Atoll Intense Steeple of Underlying Breezes
10%
Zone 5 Remorseless Tower of Brutal and Bizarre Torment
10%
Zone 2 Remorseless Tower of Chaotic Moments
10%
Paradise Atoll Challenging Tower of Cyclonic Isles
10%
Zone 5 Difficult Tower of Fractal Volution
10%
Zone 5 Intense Tower of Guided Trials
10%
Zone 3 Difficult Tower of Mild Agitation
10%
Zone 3 Intense Tower of Quirky Contraptions
10%
Ring 8 Challenging Tower of Vibrant Adventures
10%
The Starlit Archives Challenging Steeple of After-Life Detention
9%
Arcane Area Medium Steeple of Astounding Sorcery
9%
Silent Abyss Intense Steeple of Involuntary Isolation
9%
The Starlit Archives Intense Steeple of Itsy Bitsy
9%
Paradise Atoll Difficult Steeple of Sunny Island Shenanigans
9%
The Starlit Archives Challenging Steeple of Two Minute Noodles
9%
Zone 6 Challenging Tower of Angled Scenery
9%
Zone 9 Difficult Tower of Arrantly Bodeful Cavern Depths
9%
Zone 5 Difficult Tower of Bright Serenity
9%
Zone 6 Challenging Tower of Conflicting Frontiers
9%
Zone 8 Hard Tower of Cosmic Tides
9%
Zone 9 Intense Tower of Falling Up
9%
Zone 9 Intense Tower of Furious Chicken Brawl
9%
Paradise Atoll Difficult Tower of High Power
9%
The Starlit Archives Remorseless Tower of House Without Home
9%
Ashen Towerworks Intense Tower of Largely Limited Luminance
9%
Zone 6 Remorseless Tower of Massive Overheating
9%
Zone 10 Remorseless Tower of Power Laws
9%
Zone 5 Hard Tower of Sovereign Traveling
9%
Zone 7 Hard Tower of Sweet Victory
9%
Zone 8 Remorseless Tower of Time and Space Manipulation
9%
Zone 7 Remorseless Tower of Uncontrollable Ire
9%
Zone 5 Challenging Tower of Unhealthy Escalation
9%
Ashen Towerworks Hard Tower of Viaduct Traversing
9%
Arcane Area Hard Steeple of Atmospheric Powers
8%
The Starlit Archives Challenging Steeple of Balloon Commune
8%
Paradise Atoll Challenging Steeple of Cliffside Falls
8%
Paradise Atoll Difficult Steeple of Hallucinatory Spectacles
8%
Arcane Area Difficult Steeple of Magical Elements
8%
Arcane Area Difficult Steeple of Twisted Crystals
8%
Zone 8 Difficult Tower of A Tetromino Disaster
8%
Zone 10 Intense Tower of Expecting The Unexpected
8%
Zone 8 Challenging Tower of Flame Restoration
8%
Zone 6 Hard Tower of Foreign Domains
8%
Zone 7 Challenging Tower of Growing Madness
8%
Zone 6 Challenging Tower of Hefty Magnitude
8%
Zone 8 Intense Tower of Manic Lows
8%
Zone 7 Hard Tower of Rough Waters
8%
Zone 9 Intense Tower of Sugar Rush Deluxe
8%
Ring 8 Intense Tower of Uneasy Scaling
8%
Zone 10 Challenging Tower of Valiant Verges
8%
The Starlit Archives Challenging Steeple of The Manufactured Monstrosity
7%
Paradise Atoll Medium Steeple of Undersea Voyage
7%
Paradise Atoll Challenging Steeple of Upright Cliffs
7%
Zone 7 Difficult Tower of Destructive Fever
7%
Zone 9 Challenging Tower of Dusk To Dawn
7%
The Starlit Archives Remorseless Tower of Fleeing From Everything Ending
7%
Zone 10 Remorseless Tower of Prismatic Instability
7%
Zone 10 Remorseless Tower of The Despondent Fortress
7%
The Starlit Archives Intense Tower of Warranted Retribution
7%
Paradise Atoll Challenging Steeple of Desolate Isles
6%
The Starlit Archives Intense Tower of A Disillusioned Existence
6%
Zone 5 Intense Tower of Anticlimactic Outcomes
6%
Zone 10 Challenging Tower of Clandestine Zones
6%
Zone 7 Challenging Tower of Cylindrical Extensions
6%
Zone 8 Challenging Tower of Galactic Voyage
6%
Zone 9 Challenging Tower of Latest Sensation
6%
Zone 7 Intense Tower of Swift and Precise Sections
6%
The Starlit Archives Intense Tower of Infiltrated Ruins
5%
Zone 10 Challenging Tower of Interstellar Terrarium
4%
The Starlit Archives Difficult Tower of Pursuit Led Astray
4%
Zone 10 Challenging Tower of Resonant Landscapes
3%
No matching quizzes found
Score Distribution
Percent of People with Each Score
Percentile by Number Answered
Your Score History
You have not taken this quiz since the last reset